Cities in the Las Vegas Metro Area on a Map - Statistics

General Stats
  • This quiz has been taken 192 times
  • The average score is 9 of 25
Answers on the Map
Answers color-coded by a green-red scale on the quiz's map according to % correct below.
 
Answer Stats
City Population % Correct
Las Vegas 645,822
99%
North Las Vegas 259,472
96%
Henderson 316,893
94%
Paradise 191,238
89%
Boulder City 14,876
61%
Enterprise 221,831
61%
Mesquite 20,456
49%
Spring Valley 215,597
48%
Sunrise Manor 205,618
45%
Laughlin 8,658
33%
Summerlin South 30,744
29%
Winchester 36,403
29%
Moapa 1,006
21%
Searchlight 445
21%
Whitney 49,061
20%
Nellis AFB 4,379
19%
Moapa Valley 6,289
17%
Goodsprings 162
16%
Blue Diamond 268
15%
Cal-Nev-Ari 144
15%
Mount Charleston 314
14%
Indian Springs 912
13%
Bunkerville 1,069
11%
Nelson 22
11%
Sandy Valley 1,663
11%
No matching quizzes found
Score Distribution
Percent of People with Each Score
Percentile by Number Answered
Your Score History
You have not taken this quiz